00521nam a2200169Ia 4500008004100000016001400041020001500055040002400070050002200094082001200116100002800128245003900156260010700195300002200302563001000324650001700334210303s9999 xx 000 0 und d 2retro2021 a9788123237 aNLNbEnglisheAACR2 aPL8824.F198bA795 a896.333 aFAMOJURO, Adefunkeeaut 0aArugbo Ile wa /cAdefunke Famojuro aIbadan, Oyo State (231 Lagos bye Pass Molete, P. O. Box 16764 ) :bDugbe Extension Publications,c2008 avi, 129p. ;b18cm a(pbk) aYoruba drama